Introduction to abstract algebra

Αποθηκεύτηκε σε:
Λεπτομέρειες βιβλιογραφικής εγγραφής
Κύριος συγγραφέας: Clapham, C. R. J.
Μορφή: Βιβλίο
Γλώσσα:English
Δημοσίευση: London : New York : Routledge & Kegan Paul ; Dover Publications, 1966
Σειρά:Library of mathematics
Θέματα:
Ετικέτες: Προσθήκη ετικέτας
Δεν υπάρχουν, Καταχωρήστε ετικέτα πρώτοι!

MARC

LEADER 00000cam a2200000 a 4500
001 1/106207
008 150505s1969####enk| ||| |||| ||eng||
040 |a GR-MyUa  |b gre  |c GR-MyUa  |e AACR2 
041 0 |a eng 
082 7 |a 512.02   |2 (23) 
100 1 |a Clapham, C. R. J. . 
245 0 0 |a Introduction to abstract algebra /   |c by C. R. J. Clapham. 
260 |a London :   |b Routledge & Kegan Paul ;   |a New York :   |b Dover Publications,   |c 1966  
300 |a ix, 83 σ. ;   |c 19 εκ.  
490 1 |a (Library of mathematics) 
504 |a Περιλαμβάνει ευρετήριο. 
650 0 |a Algebra, Abstract. 
830 0 |a Library of mathematics 
852 |a INST  |b SAMOS  |c MAG  |e 20150505  |h 512.02 CLA  |p 005300035634  |q 005300035634  |t BK  |y 0 
970 |a Σιτζίμη  |b Γιασεμή  |z 2015/05/05